History Quiz

Random History or Country Quiz

Modern Names of Former British Colonies Quiz Stats

 Plays Quiz Updated Jul 2, 2018

Challenge
Share
Tweet
Embed
Score 0/44 Timer 07:00
4 Plays Today
Colonial Name Modern Country % Correct
Anglo-Egyptian SudanSudan/South Sudan
94.5%
British SomalilandSomalia
85%
British CameroonsCameroon/Nigeria
83.7%
BurmaMyanmar (Burma)
82%
BengalBangladesh/India
81.8%
PalestineIsrael
76.3%
Muscat and OmanOman
73.7%
British Residency of the Arabian (Persian) GulfBahrain/United Arab Emirates/Oman/Qatar/Kuwait
71.2%
New South WalesAustralia/New Zealand
70.4%
Dominion of New EnglandUnited States
69.5%
CeylonSri Lanka
68.5%
MesopotamiaIraq
68.4%
Cape ColonySouth Africa
68.2%
TransjordanJordan
63.5%
British HondurasBelize
59%
New FranceCanada/United States
58.9%
Southern RhodesiaZimbabwe
56%
Federation of South ArabiaYemen
53.4%
TanganyikaTanzania
48%
Northern RhodesiaZambia
47.9%
ZululandSouth Africa
45%
Ionian IslandsGreece
39.8%
Colonial Name Modern Country % Correct
BaluchistanPakistan
38.9%
British TogolandGhana
38.4%
Gold CoastGhana
38.2%
British West AfricaGambia/Sierra Leone
38.2%
SikkimIndia
30.8%
BasutolandLesotho
26.6%
BechuanalandBotswana
26.2%
NyasalandMalawi
21.6%
CyrenaicaLibya
19.3%
Saint-DomingueHaiti
19%
Gilbert and Ellice IslandsKiribati/Tuvalu
17.9%
WeihaiweiChina
17%
Mosquito CoastNicaragua
14.6%
Straits SettlementMalaysia/Singapore
14.3%
Oil Rivers ProtectorateNigeria
11.6%
New HebridesVanuatu
11%
Darien (New Caledonia)Panama
10.2%
Demerara-EssequiboGuyana
8.5%
Port Clarence (Fernando Póo)Equatorial Guinea
6.5%
Providence IslandColombia
1.5%
WilloughbySuriname
1.2%
Fort WilliamBenin
0.9%

You're not logged in!

Compare scores with friends on all Sporcle quizzes.
Join for Free
OR
Log In

You Might Also Like...

Show Comments

Extras

Top Quizzes Today


Score Distribution

Your Account Isn't Verified!

In order to create a playlist on Sporcle, you need to verify the email address you used during registration. Go to your Sporcle Settings to finish the process.

Report this User

Report this user for behavior that violates our Community Guidelines.

Details: